| 000 | 00525nam a2200193Ia 4500 | ||
|---|---|---|---|
| 003 | GCL | ||
| 008 | 140319s9999 xx 000 0 eng d | ||
| 040 |
_aGCL / _cGCL |
||
| 082 | 0 | 4 |
_a612,664 _bR W |
| 100 | 1 | _aROYLE, JOAM. A | |
| 245 | 1 | 0 |
_aWATSON'S MEDICAL- SURGICAL NURSING AND RELATED PHYSIOLOGY / _cROYLE, JOAM. A |
| 700 | 1 | _aWALSH, MIKE | |
| 260 |
_a[S.N] : _bELBS WITH BAILLIERE TINDALL ، _c1994 |
||
| 300 | _a1036 P | ||
| 650 | 0 | 4 | _aPHYSIOLOGY |
| 650 | 0 | 4 | _aNURSING |
| 650 | 0 | 4 | _aHEATH SCIENCE |
| 942 |
_2ddc _cBK |
||
| 999 |
_c19863 _d19863 |
||